000 00430nam a2200157 i 4500
001 73480
003 ES-MaACL
005 20230906171829.0
007 t|
008 040907s1970 sp ||||1| spa d
100 1 _aGómez García, José.
_957963
245 1 4 _aLos hombres que querían vivir /
_cJosé Gómez García.
260 _a[Bilbao :
_bs.n.,
_c1970]
300 _a144 p. ;
_c19 cm.
852 _aES-MaACL
_jC-50175
_bR.75483
999 _c73480
_d73480